Sufism, culture and politics afghans and islam in medieval North India / (Record no. 72979)

MARC details
000 -LEADER
fixed length control field 00986nam a22002657a 4500
005 - DATE AND TIME OF LATEST TRANSACTION
control field 2013011506326.0
008 - FIXED-LENGTH DATA ELEMENTS--GENERAL INFORMATION
fixed length control field 130115t xxu||||| |||| 00| 0 eng d
010 ## - LCCN (DPL NO)
LC control number ENG-106570
020 ## - INTERNATIONAL STANDARD BOOK NUMBER
International Standard Book Number 0198069154
Terms of availability 375.00
020 ## - INTERNATIONAL STANDARD BOOK NUMBER
International Standard Book Number 9780198069157
Terms of availability 375.00
035 ## - SYSTEM CONTROL NUMBER
System control number EN-90103
037 ## - SOURCE OF ACQUISITION
Source of stock number/acquisition DBAD / PUB
040 ## - CATALOGING SOURCE
Original cataloging agency dpl
Language of cataloging English
082 ## - DEWEY DECIMAL CLASSIFICATION NUMBER
Classification number 279.30954
100 ## - MAIN ENTRY--PERSONAL NAME
9 (RLIN) 28493
Personal name Aquil, Raziuddin
245 ## - TITLE STATEMENT
Title Sufism, culture and politics afghans and islam in medieval North India /
Statement of responsibility, etc by Raziuddin Aquil
260 ## - PUBLICATION, DISTRIBUTION, ETC. (IMPRINT)
Place of publication, distribution, etc New Delhi
Name of publisher, distributor, etc Oxford University Press
Date of publication, distribution, etc 2012
270 ## - ADDRESS
Address YMCA Library Building, Jai Singh Road
City New Delhi
Postal code 110001
300 ## - PHYSICAL DESCRIPTION
Extent xiii, 268p.
Dimensions 22cm (pbk)
500 ## - GENERAL NOTE
General note Includes bibliographical references and index
650 ## - SUBJECT ADDED ENTRY--TOPICAL TERM
9 (RLIN) 28496
650 ## - SUBJECT ADDED ENTRY--TOPICAL TERM
9 (RLIN) 28522
942 ## - ADDED ENTRY ELEMENTS (KOHA)
Source of classification or shelving scheme Dewey Decimal Classification
Item type English Books
Call number suffix AQU
Classification part 279.30954
Holdings
Withdrawn status Lost status Source of classification or shelving scheme Damaged status Not for loan Collection code Home library Current library Date acquired Source of acquisition Cost, normal purchase price Total Checkouts Full call number Barcode Date last seen Copy number Cost, replacement price Koha item type
    Dewey Decimal Classification     Non-fiction D.B.Act.Division D.B.Act.Division 15/01/2013 DBAD/PUB 375.00   279.30954 AQU EN-90103 15/01/2013 1 375.00 English Books

© Delhi Public Library
Hit Counter
free hit counter